000 00998nam1a22002651i 4500
001 rc\4610370
005 20260407125341.0
021 _aRU
_bРг6656-64
035 _a(NLR Aleph) 008393439
090 _a9191474
_c9191474
100 _a20130416d1964 |||y0rusy50 ca
101 0 _arus
102 _aRU
105 _a z |||||
200 1 _aЛабораторные работы по физике
_f[Под ред. Дубова В.П., доц., канд. физ.-мат. наук]
_gМ-во высш. и сред. спец. образ. РСФСР. Моск. полигр. ин-т
205 _aПереизд. Вып. 2-
210 _aМосква
_cБ. и.
_d1964
215 _d21
300 _aОтпеч. множит. аппаратом
702 1 _aДубов
_bВ.П.
_4340
710 0 2 _aМосковский полиграфический институт
_3RU\NLR\AUTH\889969170
_9434706
801 0 _aRU
_bNLR
_gpsbo
801 1 _aRU
_bELAR
_2rusmarc
852 _aNLR
_j64-5/4695
942 _cBOOK